000 00725nam a22002297a 4500
003 BUBTL
008 230328b ||||| |||| 00| 0 eng d
020 _a9780194421713
082 _a428.0071/ D2861s/ 2000
100 _95265
_aDavies, Paul
245 _aSuccess in English teaching /
_c Paul Davies, Eric Pearse
250 _a1st Edn.
260 _aOxford:
_bOxford University Press,
_cc2000
300 _axiv, 221 p.:
_c24.5 cm
500 _aIncludes Includes
505 _aSuccess in English teaching, English, English Language, Paul Davies, Eric Pearse
650 0 _9194
_aEnglish Language
700 _95266
_aPearse, Eric
856 _k0
_l0
_yDownload
942 _2ddc
_cBK
999 _c7009
_d7009